All NHL teams that existed - Statistics

General Stats
  • This quiz has been taken 54 times
  • The average score is 44 of 53
Answer Stats
State/Town Name Team Name % Correct
Boston Bruins
100%
Atlanta Flames
100%
Calgary Flames
100%
Pittsburgh Penguins
100%
Colombus Blue Jackets
98%
Saint Louis Blues
98%
Arizona Coyotes
98%
Philadelphia Flyers
98%
Carolina Hurricanes
98%
Los Angeles Kings
98%
Tampa Bay Lightning
98%
Edmonton Oilers
98%
Florida Panthers
98%
Detroit Red Wings
98%
Dallas Stars
98%
Colorado Avalanche
96%
Chicago Blackhawks
96%
Montreal Canadiens
96%
New Jersey Devils
96%
Anaheim Ducks
96%
New York Islanders
96%
Winnipeg Jets
96%
New York Rangers
96%
Buffalo Sabres
96%
San Jose Sharks
96%
Hartford Whalers
96%
Minnesota Wild
96%
Washington Capitals
94%
Toronto Maple Leafs
94%
Ottawa Senators
94%
Vancouver Canucks
92%
Vegas Golden Knights
92%
Nashville Predators
92%
Atlanta Thrashers
92%
Minnesota North Stars
90%
Seattle Kraken
88%
Quebec Nordiques
86%
Colorado Rockies
76%
Kansas City Scouts
76%
California Golden Seals
71%
Montreal Maroons
69%
Cleveland Barrons
65%
Hamilton Tigers
63%
Toronto Arenas
61%
Toronto Saint Pats
57%
New York Americans
55%
Montreal Wanderers
55%
Quebec Bulldogs
53%
Pittsburgh Pirates
49%
Philadelphia Quakers
47%
Saint Louis Eagles
43%
Detroit Cougars
33%
Detroit Falcons
29%
No matching quizzes found
Score Distribution
Percent of People with Each Score
Percentile by Number Answered
Your Score History
You have not taken this quiz